Θεοί και ήρωες της εποχής του χαλκού : η Ευρώπη στις ρίζες του Οδυσσέα
Αποθηκεύτηκε σε:
| Συγγραφή απο Οργανισμό/Αρχή: | |
|---|---|
| Μορφή: | Βιβλίο |
| Γλώσσα: | Greek |
| Δημοσίευση: |
Αθήνα :
Υπουργείο Πολιτισμού της Ελλάδας,
c2000.
|
| Θέματα: | |
| Ετικέτες: |
Προσθήκη ετικέτας
Δεν υπάρχουν, Καταχωρήστε ετικέτα πρώτοι!
|
MARC
| LEADER | 00000cam a2200000 i 4500 | ||
|---|---|---|---|
| 001 | 1/57195 | ||
| 008 | 011220s2000 gr | ||| |||| ||gre|| | ||
| 020 | |a 9607254694 | ||
| 035 | |l 10000119 | ||
| 040 | |a GR-MyUa |b gre |e AACR2 | ||
| 041 | 0 | |a gre | |
| 082 | 7 | |a 292.13 |2 (22) | |
| 110 | 2 | |a Council of Europe. |b Art Exhibition |n (25th : |d 1999-2000 : |c Denmark) | |
| 245 | 1 | 0 | |a Θεοί και ήρωες της εποχής του χαλκού : |b η Ευρώπη στις ρίζες του Οδυσσέα / |c υπό την αιγίδα του Συμβουλίου της Ευρώπης. |
| 260 | |a Αθήνα : |b Υπουργείο Πολιτισμού της Ελλάδας, |c c2000. | ||
| 300 | |a 296 σ. : |b εικ. ; |c 28 εκ. | ||
| 500 | |a 25η Έκθεση Τέχνης του Συμβουλίου της Ευρώπης. | ||
| 504 | |a Περιέχει βιβλιογραφία. | ||
| 650 | 0 | |a Bronze age |z Europe. | |
| 650 | 0 | |a Religion, Prehistoric |z Greece. | |
| 650 | 0 | |a Heroes |z Greece. | |
| 852 | |a INST |b LESVOS |e 20011220 |h 292.13 ΣΥΜ |p 005100028535 |q 005100028535 |t BK |y 0 | ||
| 901 | |a BIBL1-2001-3 | ||
| 970 | |a ΜΟΥΣΤΑΚΑ |b ΠΗΝΕΛΟΠΗ |z 2001/12/20 | ||